WWE Money in the Bank Winners - Statistics

General Stats
  • This quiz has been taken 930 times
    808 since last reset
  • The average score is 12 of 23
Answer Stats
Hint Answer % Correct
2005 Edge
88%
2007 Edge
88%
2008 CM Punk
82%
2009 CM Punk
82%
2012 WWE John Cena
72%
2014 Seth Rollins
67%
2010 WWE Kane
62%
2013 WWE Randy Orton
55%
2017 (Women's) Carmella
53%
2016 Dean Ambrose
52%
2019 (Men's) Brock Lesnar
50%
2006 Rob Van Dam
50%
2015 Sheamus
49%
2011 WHC Daniel Bryan
47%
2012 WHC Dolph Ziggler
47%
2007 Mr. Kennedy
47%
2011 WWE Alberto Del Rio
44%
2017 (Men's) Baron Corbin
39%
2018 (Women's) Alexa Bliss
37%
2019 (Women's) Bayley
36%
2013 WHC Damien Sandow
32%
2018 (Men's) Braun Strowman
31%
2010 WHC Jack Swagger
19%
No matching quizzes found
Score Distribution
Percent of People with Each Score
Percentile by Number Answered
Your Score History
You have not taken this quiz since the last reset